00278nam a2200097 a 4500008004100000050001100041100001500052245002900067246007500096350000900171120416s9999 xx |||||||||||||| || u aTHESIS aChibesa, S10aKabwe after mine closure athe problems of mono-basic economic activity in mining towns of Zambia a0.00